[Event "Leverkusen-ch op"]
[Site "Leverkusen"]
[Date "2005.04.18"]
[Round "9"]
[White "Sockel, Karl Heinz"]
[Black "Hegmann, Werner"]
[Result "1-0"]
[WhiteElo "1973"]
[BlackElo "1639"]
[PlyCount "63"]
[EventDate "2005.01.10"]
[EventType "swiss"]
[EventRounds "9"]
[EventCountry "GER"]
[SourceTitle "EXT 2006"]
[Source "ChessBase"]
[SourceDate "2005.11.24"]
[SourceVersion "1"]
[SourceVersionDate "2005.11.24"]
[SourceQuality "1"]

1. d4 c6 2. Nf3 d6 3. e4 Qc7 4. Bc4 h6 5. 0-0 e5 6. b3 Bg4 7. Bb2 f6 8. Nbd2 Ne7 9. h3 Bh5 10. a4 Nd7 11. Be2 g5 12. Ba3 Bf7 13. Nc4 Ng6 14. dxe5 Ndxe5 15. Bxd6 Nxf3+ 16. Bxf3 Qd8 17. Bxf8 Bxc4 18. bxc4 Rxf8 19. Bh5 Kf7 20. Qf3 Kg7 21. Rfd1 Qc8 22. Bxg6 Kxg6 23. Rd6 Rf7 24. e5 Qf5 25. Qc3 Re8 26. Re1 Re6 27. g4 Qxf2+ 28. Kxf2 fxe5+ 29. Kg3 Rxd6 30. Rxe5 Rfd7 31. Qe3 Kf7 32. Rf5+ 1-0

[Event "Leverkusen-ch op"]
[Site "Leverkusen"]
[Date "2005.01.31"]
[Round "3"]
[White "Hegmann, Werner"]
[Black "Pies, Gerhard"]
[Result "1-0"]
[WhiteElo "1639"]
[BlackElo "1344"]
[PlyCount "63"]
[EventDate "2005.01.10"]
[EventType "swiss"]
[EventRounds "9"]
[EventCountry "GER"]
[SourceTitle "EXT 2006"]
[Source "ChessBase"]
[SourceDate "2005.11.24"]
[SourceVersion "1"]
[SourceVersionDate "2005.11.24"]
[SourceQuality "1"]

1. e4 Nf6 2. Nc3 d5 3. exd5 Nxd5 4. Bc4 Nb6 5. Bb3 e6 6. Nge2 Nc6 7. a3 Bd7 8. d4 Qe7 9. Nb5 0-0-0 10. c4 a6 11. Nbc3 Na5 12. c5 Nd5 13. 0-0 Nxb3 14. Qxb3 Bc6 15. Qc2 e5 16. Nxd5 Rxd5 17. Be3 Qh4 18. Rad1 Be7 19. Nc3 Rxd4 20. Qf5+ Kb8 21. Qxe5 Bf6 22. Rxd4 Qxd4 23. Qxd4 Bxd4 24. Bxd4 f6 25. Re1 Rd8 26. Be3 Kc8 27. f3 Rd3 28. Kf2 Bb5 29. Rd1 Rd7 30. Rxd7 Kxd7 31. Nxb5 axb5 32. Ke2 1-0

[Event "Leverkusen-ch op"]
[Site "Leverkusen"]
[Date "2005.01.10"]
[Round "1"]
[White "Hegmann, Werner"]
[Black "Vasiljev, Jurij"]
[Result "0-1"]
[WhiteElo "1639"]
[BlackElo "2059"]
[PlyCount "66"]
[EventDate "2005.01.10"]
[EventType "swiss"]
[EventRounds "9"]
[EventCountry "GER"]
[SourceTitle "EXT 2006"]
[Source "ChessBase"]
[SourceDate "2005.11.24"]
[SourceVersion "1"]
[SourceVersionDate "2005.11.24"]
[SourceQuality "1"]

1. e4 c5 2. f4 e6 3. Nf3 Nc6 4. c3 d5 5. e5 Nh6 6. d3 Be7 7. Be3 d4 8. Bf2 Ng4 9. Bg1 0-0 10. Na3 b5 11. cxd4 cxd4 12. Nc2 Bc5 13. h3 Nh6 14. Be2 f6 15. g3 fxe5 16. fxe5 Qd5 17. Bh2 Nxe5 18. Rf1 Bb7 19. Nxe5 Rxf1+ 20. Bxf1 Qxe5+ 21. Qe2 Qd5 22. b3 Nf5 23. 0-0-0 Rc8 24. Kb1 a5 25. g4 Ne3 26. Re1 Nxc2 27. Qxc2 Bb4 28. Re5 Rxc2 29. Rxd5 Rxh2 30. Rd8+ Bf8 31. Rb8 Bd5 32. Rc8 Rh1 33. Rc1 Ba3 0-1

[Event "Leverkusen-ch 15th"]
[Site "Leverkusen"]
[Date "2003.04.22"]
[Round "9"]
[White "Kurscheidt, Paul"]
[Black "Hegmann, Werner"]
[Result "0-1"]
[WhiteElo "1571"]
[BlackElo "1751"]
[PlyCount "60"]
[EventDate "2003.01.06"]
[EventType "swiss"]
[EventRounds "9"]
[EventCountry "GER"]
[SourceTitle "EXT 2006"]
[Source "ChessBase"]
[SourceDate "2005.11.24"]
[SourceVersion "1"]
[SourceVersionDate "2005.11.24"]
[SourceQuality "1"]

1. e4 e5 2. Bc4 Nc6 3. a3 g6 4. Nc3 Nf6 5. d3 d6 6. Bg5 Bg7 7. Nd5 Be6 8. c3 Bxd5 9. exd5 Nb8 10. Qb3 Qc8 11. Nf3 0-0 12. 0-0 b6 13. Nd2 Qf5 14. Bxf6 Qxf6 15. Ne4 Qh4 16. a4 f5 17. Nd2 a6 18. Qc2 Nd7 19. b4 Nf6 20. Nf3 Qh6 21. Qd2 f4 22. h3 Kh8 23. Bb3 g5 24. Nh2 Qg6 25. Ra2 h5 26. c4 g4 27. hxg4 hxg4 28. Bc2 Bh6 29. f3 g3 30. d4 Qh5 0-1

[Event "Leverkusen-ch op 11th"]
[Site "Leverkusen"]
[Date "1999.01.08"]
[Round "1"]
[White "Boehm, Stefan"]
[Black "Hegmann, Werner"]
[Result "1-0"]
[WhiteElo "1978"]
[BlackElo "1769"]
[PlyCount "105"]
[EventDate "1999.01.08"]
[EventType "swiss"]
[EventRounds "9"]
[EventCountry "GER"]
[SourceTitle "EXT 2006"]
[Source "ChessBase"]
[SourceDate "2005.11.24"]
[SourceVersion "1"]
[SourceVersionDate "2005.11.24"]
[SourceQuality "1"]

1. d4 d5 2. c4 e6 3. Nc3 c6 4. cxd5 cxd5 5. Nf3 f5 6. Bf4 a6 7. e3 Bd6 8. Bd3 Nf6 9. 0-0 0-0 10. Ne5 Nc6 11. Nxc6 bxc6 12. Na4 Qc7 13. Bxd6 Qxd6 14. Rc1 Nd7 15. f4 Nb8 16. Rf3 Rf7 17. Nb6 Bb7 18. Nxa8 Bxa8 19. Qa4 Bb7 20. Rc3 h6 21. Rb3 Qe7 22. Qb4 Qxb4 23. Rxb4 Kf8 24. Kf2 Ke8 25. Kg3 g6 26. Kf2 Kd8 27. Rg3 Rg7 28. Be2 Kc7 29. Rh3 Rh7 30. Rg3 Rg7 31. h4 Nd7 32. Rh3 c5 33. Ra4 c4 34. Rh1 Nf6 35. Bf3 Kb6 36. Ra3 Kb5 37. Rc3 a5 38. Rhc1 Ba6 39. b3 Kb6 40. Rb1 Ka7 41. bxc4 Bxc4 42. Ra3 Ka6 43. Rb8 g5 44. hxg5 hxg5 45. fxg5 Rxg5 46. Ra8+ Kb6 47. R3xa5 Ne8 48. Rc5 Nc7 49. Rc8 Rg7 50. Rd8 Bxa2 51. Rd6+ Kb7 52. Rc2 Bc4 53. Rxc4 1-0